000 00959nam a2200241Ia 4500
999 _c34753
_d34753
001 551
003 GE_BSU
005 20260421103744.0
008 181216s1999||||ge |||||||||||||| ||geo||
020 _a999281823
040 _cGE_BSU
041 _ageo
080 _a664(075.8)+664;658.562(075.8) ზ–44
100 _aზედგინიძე, ი.
_96240
245 _aშესავალი სპეციალობაში :
_bსახელმძღვ. /
_cი. ზედგინიძე; სტუ.
264 _aთბილისი :
_b ტექნ. უნ-ტი-"ინფორმატიზაციის ცენტრი",
_c1999.
300 _a190 გვ.;
_b20 სმ.
504 _aბიბლიოგრ.: გვ. 187.
541 _h6ლ.
653 _aკვების მრეწველობა
653 _aსაკვები პროდუქტების ხარისხი
942 _cBK
_2udc